000
00285nam a22001337a 4500
008
170726b xxu||||| |||| 00| 0 eng d
020
_a
9780131436350
041
_a
eng
080
_2
2ND
_a
004
100
_a
30
101
_a
SHK
245
_a
DEATH MARCH
_c
YOURDON,E
942
_2
udc
_c
BK
999
_c
21940
_d
21940